Typing Challenge Quiz Stats

 Plays Quiz Updated Feb 21, 2012

Support Sporcle.
Go Orange.
Score 0/52 Timer 01:00
122 Plays Today
Type This Typed % Correct
????
100%
????
99.6%
????
99.4%
????
99.1%
????
98.8%
????
98.5%
????
98.3%
????
97.9%
????
97.6%
????
97.4%
????
97%
????
96.8%
????
96.5%
????
96.3%
????
95.8%
????
95.2%
????
94.4%
????
93.9%
????
93.3%
????
92.6%
????
91.6%
????
90.2%
????
89.1%
????
87.2%
????
85.3%
????
83.1%
Type This Typed % Correct
????
80.1%
????
77.5%
????
74.5%
????
71.5%
????
67.9%
????
64.6%
????
61%
????
57%
????
53.2%
????
49.9%
????
45.1%
????
41%
????
36.8%
????
32.4%
????
28.7%
????
24.2%
????
21%
????
17.4%
????
14%
????
10.9%
????
8.4%
????
6.4%
????
4.7%
????
3.2%
????
1.8%
????
1.1%

You're not logged in!

Compare scores with friends on all Sporcle quizzes.
OR
Log In

From the Vault

Test Test

by Qaqaq

Some of these answers answers may surprise you.
Remove Ads.
Support Sporcle.
Get the best of Sporcle when you Go Orange. This ad-free experience offers more features, more stats, and more fun while also helping to support Sporcle. Thank you for becoming a member.

Show Comments

Extras

Top Quizzes Today


Score Distribution

Your Account Isn't Verified!

In order to create a playlist on Sporcle, you need to verify the email address you used during registration. Go to your Sporcle Settings to finish the process.

Report this User

Report this user for behavior that violates our Community Guidelines.

Details: